100 Most Popular Baby Girl Names Starting with K in the UK, 2021 - Statistics

General Stats
  • This quiz has been taken 208 times
  • The average score is 27 of 100
Answer Stats
Name % Correct
Katie
91%
Katy
91%
Katherine
90%
Kimberly
86%
Kate
84%
Kelly
82%
Kara
69%
Kylie
67%
Kayla
65%
Khloe
65%
Kayal
61%
Kathleen
57%
Kyla
54%
Kendra
51%
Kora
51%
Kelsie
50%
Kira
50%
Kristina
50%
Karla
48%
Kitty
48%
Keira
47%
Kelsey
46%
Kendal
46%
Kiara
45%
Kallie
44%
Katrina
44%
Kaya
43%
Klara
42%
Karina
41%
Kennedy
41%
Kayleigh
40%
Kamilla
38%
Kimberley
38%
Kyra
38%
Kali
36%
Kiera
36%
Kaitlyn
35%
Kassandra
34%
Kathryn
34%
Kaylee
34%
Kenzie
34%
Kasey
29%
Kaia
28%
Karolina
27%
Kianna
27%
Kacie
26%
Kiana
26%
Kiki
26%
Katelyn
24%
Krystal
24%
Kamila
23%
Kendall
22%
Kacey
21%
Kadie
19%
Kady
19%
Katarina
16%
Kezia
15%
Khadija
15%
Kaila
13%
Karis
12%
Kalani
10%
Kalina
10%
Katerina
10%
Koa
10%
Kamile
9%
Khadijah
9%
Klaudia
9%
Kehlani
8%
Keziah
7%
Kenza
6%
Khaleesi
6%
Kaira
5%
Kaja
5%
Kayra
4%
Kataleya
3%
Keeva
3%
Kaliyah
2%
Kamiyah
2%
Karima
2%
Kiya
2%
Kiyana
2%
Klea
2%
Kornelia
2%
Kyara
2%
Kylah
2%
Kairi
1%
Kaiya
1%
Khadeeja
1%
Khadeejah
1%
Kinza
1%
Kirat
1%
Kiyara
1%
Kainaat
0%
Kawthar
0%
Keerat
0%
Khaira
0%
Khawlah
0%
Khushi
0%
Krisha
0%
Kyrah
0%
No matching quizzes found
Score Distribution
Percent of People with Each Score
Percentile by Number Answered
Your Score History
You have not taken this quiz